Economics of forest resources: Problems and policies in a regional economy (Record no. 40097)

MARC details
000 -LEADER
fixed length control field 00352nam a2200121Ia 4500
082 ## - DEWEY DECIMAL CLASSIFICATION NUMBER
Classification number 33:630*6
Item number NIR
100 ## - MAIN ENTRY--AUTHOR NAME
Personal name NIRMAL CHANDRA SAHU
245 #0 - TITLE STATEMENT
Title Economics of forest resources: Problems and policies in a regional economy
260 ## - PUBLICATION, DISTRIBUTION, ETC. (IMPRINT)
Place of publication Delhi
Name of publisher BR Pub
Year of publication 1986
650 ## - SUBJECT ADDED ENTRY--TOPICAL TERM
Topical Term Forest resource
942 ## - ADDED ENTRY ELEMENTS (KOHA)
Koha item type Books
Holdings
Withdrawn status Lost status Damaged status Not for loan Home library Current library Date acquired Full call number Accession Number Koha item type
        RRII Library RRII Library 16/12/2021 33:630*6 NIR 20411 Books